000 00448nam a2200169Ia 4500
008 230917s9999||||xx |||||||||||||| ||und||
020 _cRS 995.00
040 _e5010727
_aMAIN
041 _aEnglish
082 _a352.054 S64P
100 _aSingh, Ram Sakal
245 0 _aPanchayati raj vyavastha
260 _aNew Delhi
_bArpan Publications
_c2022
300 _a272 p.
500 _a4827 19/12/2022 RBSA22/279 26/12/279 Main Budget
942 _cBK
999 _c7429
_d7429